Dwarf Planets - Statistics

General Stats
  • This quiz has been taken 23 times
  • The average score is 4 of 5
Answer Stats
Answer % Correct
Pluto
100%
Ceres
82%
Eris
82%
Makemake
73%
Haumea
64%
No matching quizzes found
Score Distribution
Percent of People with Each Score
Percentile by Number Answered
Your Score History
You have not taken this quiz